| 000 | 00900nmc a2200301 a 4500 | ||
|---|---|---|---|
| 003 | AR-BaBNM | ||
| 005 | 20251128202714.0 | ||
| 008 | 085020s2004 ||||||||||||||000 | spa|| | ||
| 020 | _a950-892-182-X | ||
| 040 | _cAR-BaBNM | ||
| 100 | 1 | _aFariña, Mabel Beatriz | |
| 245 | 1 | 0 |
_aAprender ética y ciudadanía _bderechos humanos, democracia y participación : educación secundaria superior : nivel polimodal/medio |
| 260 |
_aBuenos Aires _bLugar Editorial _c2004 |
||
| 300 | 0 |
_a127 p. _bil. |
|
| 490 | 0 | _aEnseñar y aprender | |
| 521 | _aPOLIMODAL | ||
| 650 | 4 | _aDERECHOS HUMANOS | |
| 650 | 4 | _aACTIVIDADES DE APRENDIZAJE | |
| 650 | 4 | _aDEMOCRACIA | |
| 651 | 4 | _aArgentina | |
| 653 | 0 | _aFORMACION ETICA Y CIUDADANA | |
| 653 | 0 | _aEDUCACION DEMOCRATICA | |
| 653 | 0 | _aEDUCACION POLIMODAL | |
| 653 | 0 | _aNIVEL MEDIO | |
| 700 | 1 | _aKlainer, Rosa Ester | |
| 942 | _cBK | ||
| 998 | _cmaria eugenia | ||
| 999 |
_c196 _d196 |
||